<?xml version="1.0" encoding="UTF-8"?>
<collection xmlns="http://www.loc.gov/MARC21/slim">
 <record>
  <leader>01966nam a2200229Ia 4500</leader>
  <controlfield tag="001">CTU_224009</controlfield>
  <controlfield tag="008">210402s9999    xx            000 0 und d</controlfield>
  <datafield tag="020" ind1=" " ind2=" ">
   <subfield code="c">298000</subfield>
  </datafield>
  <datafield tag="082" ind1=" " ind2=" ">
   <subfield code="a">347.597</subfield>
  </datafield>
  <datafield tag="082" ind1=" " ind2=" ">
   <subfield code="b">V305</subfield>
  </datafield>
  <datafield tag="110" ind1=" " ind2=" ">
   <subfield code="a">Viện Thi đua và khen thưởng Nhà nước</subfield>
  </datafield>
  <datafield tag="245" ind1=" " ind2="0">
   <subfield code="a">Những qui định cơ bản về công tác thi đua và chế độ khen thưởng :</subfield>
  </datafield>
  <datafield tag="245" ind1=" " ind2="0">
   <subfield code="b">Lưu hành nội bộ</subfield>
  </datafield>
  <datafield tag="245" ind1=" " ind2="0">
   <subfield code="c">Viện Thi đua và khen thưởng Nhà nước</subfield>
  </datafield>
  <datafield tag="260" ind1=" " ind2=" ">
   <subfield code="a">Hà Nội</subfield>
  </datafield>
  <datafield tag="260" ind1=" " ind2=" ">
   <subfield code="b">Viện Thi đua và khen thưởng Nhà nước</subfield>
  </datafield>
  <datafield tag="260" ind1=" " ind2=" ">
   <subfield code="c">1997</subfield>
  </datafield>
  <datafield tag="520" ind1=" " ind2=" ">
   <subfield code="a">Trong tình hình hiện nay, việc cải cách hoàn thiện hệ thống pháp luật, trong đó lĩnh vực tư pháp của nước ta được đặt ra hết sức cấp thiết. Ngành Tư pháp và Toà án có nhiều cơ hội và điều kiện thuận lợi để đổi mới, đồng thời cũng xuất hiện nhiều thách thức, khó khăn, đòi hỏi toàn Ngành phải triển khai đồng bộ, toàn diện các mặt công tác thuộc chức năng, nhiệm vụ của mình. Trong đó việc triển khai sâu rộng các văn bản pháp luật mới được ban hành liên quan đến tổ chức và hoạt động của Ngành là việc làm hết sức cần thiết. Nội dung cuốn sách này gồm có 7 phần chính, nhằm giúp cho các cá nhân, đơn vị trong và ngoài ngành có liên quan nắm bắt được những văn bản mới có liên quan đến tổ chức và hoạt động của ngành Tư pháp.</subfield>
  </datafield>
  <datafield tag="650" ind1=" " ind2=" ">
   <subfield code="a">Luật tư pháp,Judiciary law</subfield>
  </datafield>
  <datafield tag="904" ind1=" " ind2=" ">
   <subfield code="i">Như</subfield>
  </datafield>
  <datafield tag="910" ind1=" " ind2=" ">
   <subfield code="b">dqhieu</subfield>
  </datafield>
  <datafield tag="980" ind1=" " ind2=" ">
   <subfield code="a">Trung tâm Học liệu Trường Đại học Cần Thơ</subfield>
  </datafield>
 </record>
</collection>
